[Event "Poznan Chess Festival"]
[Site "chess24.com"]
[Date "2021.08.16"]
[Round "3"]
[White "Szelag, Zuzanna"]
[Black "Nowak, Mikolaj"]
[Result "1/2-1/2"]
[Board "2"]
[WhiteElo "1839"]
[WhiteCountry "POL"]
[WhiteFideId "1195522"]
[WhiteEloChange "8"]
[BlackElo "2313"]
[BlackCountry "POL"]
[BlackFideId "1191365"]
[BlackEloChange "-8"]

1. e4 {[%clk 1:30:30]} d6 {[%clk 1:30:12]} 2. d4 {[%clk 1:31:18]} Nf6 {[%clk
1:29:54]} 3. Nc3 {[%clk 1:31:45]} g6 {[%clk 1:30:11]} 4. g3 {[%clk 1:32:11]} Bg7
{[%clk 1:30:34]} 5. Bg2 {[%clk 1:32:25]} O-O {[%clk 1:30:55]} 6. Nge2 {[%clk
1:32:53]} e5 {[%clk 1:31:10]} 7. h3 {[%clk 1:33:19]} Nc6 {[%clk 1:30:51]} 8. Be3
{[%clk 1:33:45]} Bd7 {[%clk 1:29:07]} 9. O-O {[%clk 1:33:27]} exd4 {[%clk
1:29:30]} 10. Nxd4 {[%clk 1:33:50]} Re8 {[%clk 1:29:48]} 11. Kh2 {[%clk 1:31:24]}
Qc8 {[%clk 1:25:03]} 12. f4 {[%clk 1:25:08]} h5 {[%clk 1:13:49]} 13. Qd2 {[%clk
1:19:30]} a6 {[%clk 1:07:24]} 14. Rae1 {[%clk 1:09:29]} Rb8 {[%clk 1:00:26]} 15.
a4 {[%clk 0:59:48]} Kh7 {[%clk 0:50:20]} 16. Qf2 {[%clk 0:51:11]} Qd8 {[%clk
0:34:12]} 17. Rd1 {[%clk 0:41:57]} Qe7 {[%clk 0:28:49]} 18. Rfe1 {[%clk 0:39:09]}
Qf8 {[%clk 0:26:39]} 19. Nxc6 {[%clk 0:30:42]} Bxc6 {[%clk 0:24:48]} 20. Bd4
{[%clk 0:30:16]} Ng8 {[%clk 0:20:03]} 21. e5 {[%clk 0:24:42]} Bxg2 {[%clk
0:17:58]} 22. Kxg2 {[%clk 0:24:58]} Nh6 {[%clk 0:10:57]} 23. exd6 {[%clk
0:17:16]} Qxd6 {[%clk 0:05:37]} 24. Bxg7 {[%clk 0:16:44]} Qc6+ {[%clk 0:05:44]}
25. Kh2 {[%clk 0:13:15]} Kxg7 {[%clk 0:05:34]} 26. Qd4+ {[%clk 0:13:21]} Kg8
{[%clk 0:03:43]} 27. Nd5 {[%clk 0:12:02]} Nf5 {[%clk 0:03:37]} 28. Qd3 {[%clk
0:08:53]} Qc5 {[%clk 0:02:21]} 29. Nf6+ {[%clk 0:07:25]} Kh8 {[%clk 0:02:36]} 30.
Ne4 {[%clk 0:07:53]} Qc6 {[%clk 0:01:28]} 31. c4 {[%clk 0:06:30]} Kg8 {[%clk
0:00:50]} 32. g4 {[%clk 0:05:31]} hxg4 {[%clk 0:01:01]} 33. hxg4 {[%clk 0:06:00]}
Nh6 {[%clk 0:00:52]} 34. g5 {[%clk 0:05:16]} Ng4+ {[%clk 0:01:15]} 35. Kg3 {[%clk
0:05:40]} f5 {[%clk 0:01:29]} 36. gxf6 {[%clk 0:05:18]} Nxf6 {[%clk 0:01:21]} 37.
Nxf6+ {[%clk 0:05:03]} Qxf6 {[%clk 0:01:46]} 38. Qd5+ {[%clk 0:05:19]} Kh8 {[%clk
0:00:47]} 39. Qd7 {[%clk 0:03:55]} Rxe1 {[%clk 0:00:43]} 40. Rxe1 {[%clk
0:04:24]} Rd8 {[%clk 0:00:36]} 41. Rh1+ {[%clk 0:04:12]} Kg8 {[%clk 0:01:00]} 42.
Qh7+ {[%clk 0:04:40]} Kf8 {[%clk 0:01:22]} 43. Qh8+ {[%clk 0:04:25]} Qxh8 {[%clk
0:00:58]} 44. Rxh8+ {[%clk 0:02:45]} Ke7 {[%clk 0:01:22]} 45. Rh7+ {[%clk
0:02:14]} Kf6 {[%clk 0:01:41]} 46. Rxc7 {[%clk 0:02:30]} Rd3+ {[%clk 0:02:07]}
47. Kg4 {[%clk 0:02:15]} 1/2-1/2

[Event "Poznan Chess Festival"]
[Site "chess24.com"]
[Date "2021.08.16"]
[Round "3"]
[White "Zakrzewski, Marek"]
[Black "Andrzejewska, Anna"]
[Result "1-0"]
[Board "3"]
[WhiteElo "2295"]
[WhiteTitle "FM"]
[WhiteCountry "POL"]
[WhiteFideId "1170694"]
[WhiteEloChange "2"]
[BlackElo "1948"]
[BlackTitle "WCM"]
[BlackCountry "POL"]
[BlackFideId "1127284"]
[BlackEloChange "-2"]

1. e4 {[%clk 1:30:55]} e5 {[%clk 1:30:55]} 2. Nf3 {[%clk 1:31:17]} Nc6 {[%clk
1:31:17]} 3. Bc4 {[%clk 1:31:41]} Bc5 {[%clk 1:31:35]} 4. c3 {[%clk 1:32:02]} Nf6
{[%clk 1:31:48]} 5. d4 {[%clk 1:32:23]} exd4 {[%clk 1:31:57]} 6. e5 {[%clk
1:32:45]} d5 {[%clk 1:29:20]} 7. Bb5 {[%clk 1:33:05]} Ne4 {[%clk 1:29:21]} 8.
cxd4 {[%clk 1:33:26]} Bb6 {[%clk 1:28:06]} 9. Nc3 {[%clk 1:33:38]} O-O {[%clk
1:24:14]} 10. Be3 {[%clk 1:33:45]} Bf5 {[%clk 1:07:20]} 11. O-O {[%clk 1:33:06]}
Ne7 {[%clk 1:00:02]} 12. Bd3 {[%clk 1:32:30]} Nxc3 {[%clk 0:55:27]} 13. bxc3
{[%clk 1:32:47]} Qd7 {[%clk 0:47:35]} 14. Nh4 {[%clk 1:30:38]} Bxd3 {[%clk
0:37:22]} 15. Qxd3 {[%clk 1:31:01]} Ng6 {[%clk 0:31:53]} 16. Nf5 {[%clk 1:24:48]}
f6 {[%clk 0:29:08]} 17. f4 {[%clk 1:19:35]} fxe5 {[%clk 0:28:24]} 18. fxe5 {[%clk
1:18:41]} c6 {[%clk 0:24:37]} 19. Rf3 {[%clk 1:13:51]} Ne7 {[%clk 0:22:30]} 20.
g4 {[%clk 1:02:24]} Bc7 {[%clk 0:12:17]} 21. Raf1 {[%clk 0:59:22]} Rae8 {[%clk
0:11:08]} 22. R1f2 {[%clk 0:49:08]} Ng6 {[%clk 0:07:51]} 23. Qf1 {[%clk 0:48:23]}
Qd8 {[%clk 0:07:53]} 24. h4 {[%clk 0:46:00]} h6 {[%clk 0:04:13]} 25. h5 {[%clk
0:34:25]} Ne7 {[%clk 0:03:49]} 26. Nxg7 {[%clk 0:34:12]} Rxf3 {[%clk 0:03:10]}
27. Rxf3 {[%clk 0:34:36]} Kxg7 {[%clk 0:03:17]} 28. Rf7+ {[%clk 0:34:52]} Kg8
{[%clk 0:02:23]} 29. Qf6 {[%clk 0:35:16]} 1-0

[Event "Poznan Chess Festival"]
[Site "chess24.com"]
[Date "2021.08.16"]
[Round "3"]
[White "Duszczak, Dariusz"]
[Black "Niekras, Dawid"]
[Result "0-1"]
[Board "4"]
[WhiteElo "1822"]
[WhiteCountry "POL"]
[WhiteFideId "1126954"]
[WhiteEloChange "-2"]
[BlackElo "2289"]
[BlackTitle "FM"]
[BlackCountry "POL"]
[BlackFideId "1160451"]
[BlackEloChange "2"]

1. e4 {[%clk 1:30:58]} c5 {[%clk 1:30:54]} 2. Nf3 {[%clk 1:31:09]} d6 {[%clk
1:31:17]} 3. d4 {[%clk 1:30:49]} cxd4 {[%clk 1:31:40]} 4. Qxd4 {[%clk 1:31:08]}
Nc6 {[%clk 1:31:57]} 5. Bb5 {[%clk 1:31:18]} Bd7 {[%clk 1:32:12]} 6. Bxc6 {[%clk
1:31:25]} Bxc6 {[%clk 1:32:35]} 7. Nc3 {[%clk 1:27:49]} e5 {[%clk 1:32:40]} 8.
Qd3 {[%clk 1:28:02]} h6 {[%clk 1:32:53]} 9. Be3 {[%clk 1:25:42]} Nf6 {[%clk
1:32:44]} 10. h3 {[%clk 1:25:49]} b5 {[%clk 1:29:37]} 11. Rd1 {[%clk 1:15:26]}
Qd7 {[%clk 1:20:57]} 12. Nh4 {[%clk 0:54:34]} b4 {[%clk 1:08:09]} 13. Nd5 {[%clk
0:53:38]} Nxd5 {[%clk 1:07:54]} 14. exd5 {[%clk 0:53:42]} Bb5 {[%clk 1:08:18]}
15. Qe4 {[%clk 0:51:37]} Rc8 {[%clk 1:07:15]} 16. f4 {[%clk 0:38:18]} Rc4 {[%clk
1:00:49]} 17. Rd4 {[%clk 0:38:01]} Rxd4 {[%clk 0:55:57]} 18. Bxd4 {[%clk
0:38:17]} Be7 {[%clk 0:56:01]} 19. fxe5 {[%clk 0:37:23]} Bxh4+ {[%clk 0:52:58]}
20. Qxh4 {[%clk 0:37:51]} O-O {[%clk 0:52:10]} 21. e6 {[%clk 0:24:26]} fxe6
{[%clk 0:49:51]} 22. Qg4 {[%clk 0:24:47]} Rf5 {[%clk 0:46:41]} 23. dxe6 {[%clk
0:22:54]} Qxe6+ {[%clk 0:47:07]} 24. Kd1 {[%clk 0:23:10]} Qf7 {[%clk 0:44:47]}
25. Re1 {[%clk 0:22:29]} Rf4 {[%clk 0:40:39]} 26. Qc8+ {[%clk 0:22:16]} Kh7
{[%clk 0:41:02]} 27. c3 {[%clk 0:20:36]} Qxa2 {[%clk 0:37:59]} 28. Bg1 {[%clk
0:12:28]} Qb1+ {[%clk 0:35:52]} 29. Kd2 {[%clk 0:12:48]} Qd3+ {[%clk 0:36:13]}
30. Kc1 {[%clk 0:13:02]} b3 {[%clk 0:36:33]} 0-1

[Event "Poznan Chess Festival"]
[Site "chess24.com"]
[Date "2021.08.16"]
[Round "3"]
[White "Jaskolka, Tomasz"]
[Black "Wawrzyniak, Pawel"]
[Result "1-0"]
[Board "5"]
[WhiteElo "2220"]
[WhiteTitle "CM"]
[WhiteCountry "POL"]
[WhiteFideId "1170791"]
[WhiteEloChange "2"]
[BlackElo "1807"]
[BlackCountry "POL"]
[BlackFideId "21807477"]
[BlackEloChange "-2"]

1. d4 {[%clk 1:30:25]} d5 {[%clk 1:30:38]} 2. Nf3 {[%clk 1:30:22]} Nf6 {[%clk
1:30:50]} 3. g3 {[%clk 1:27:08]} e6 {[%clk 1:24:00]} 4. Bg2 {[%clk 1:27:31]} Be7
{[%clk 1:24:24]} 5. O-O {[%clk 1:27:56]} O-O {[%clk 1:24:47]} 6. c4 {[%clk
1:28:18]} dxc4 {[%clk 1:17:09]} 7. Ne5 {[%clk 1:22:03]} Nc6 {[%clk 1:10:30]} 8.
Nxc6 {[%clk 1:19:36]} bxc6 {[%clk 1:10:48]} 9. Bxc6 {[%clk 1:17:41]} Rb8 {[%clk
1:11:05]} 10. e3 {[%clk 1:17:04]} Nd5 {[%clk 1:06:38]} 11. Qa4 {[%clk 1:06:11]}
Rb4 {[%clk 1:00:45]} 12. Qxa7 {[%clk 1:04:19]} Rb6 {[%clk 1:01:05]} 13. Qa4
{[%clk 0:58:50]} Ba6 {[%clk 0:35:35]} 14. Nc3 {[%clk 0:56:20]} Qd6 {[%clk
0:35:13]} 15. Bxd5 {[%clk 0:56:16]} exd5 {[%clk 0:34:53]} 16. e4 {[%clk 0:48:32]}
dxe4 {[%clk 0:31:24]} 17. Bf4 {[%clk 0:47:46]} Qg6 {[%clk 0:19:43]} 18. Nd5
{[%clk 0:45:46]} Re6 {[%clk 0:19:06]} 19. Qxa6 {[%clk 0:45:34]} 1-0

[Event "Poznan Chess Festival"]
[Site "chess24.com"]
[Date "2021.08.16"]
[Round "3"]
[White "Raczynski, Krzysztof"]
[Black "Trybowska, Barbara"]
[Result "1-0"]
[Board "6"]
[WhiteElo "2212"]
[WhiteCountry "POL"]
[WhiteFideId "1172549"]
[WhiteEloChange "2"]
[BlackElo "1807"]
[BlackCountry "POL"]
[BlackFideId "1172956"]
[BlackEloChange "-2"]

1. e4 {[%clk 1:29:31]} e6 {[%clk 1:30:55]} 2. d3 {[%clk 1:29:42]} d5 {[%clk
1:31:20]} 3. Nd2 {[%clk 1:30:04]} c5 {[%clk 1:31:45]} 4. Ngf3 {[%clk 1:30:23]}
Nc6 {[%clk 1:31:52]} 5. g3 {[%clk 1:30:41]} g6 {[%clk 1:32:05]} 6. Bg2 {[%clk
1:30:44]} Bg7 {[%clk 1:32:29]} 7. O-O {[%clk 1:31:00]} Nge7 {[%clk 1:32:30]} 8.
Re1 {[%clk 1:26:24]} b6 {[%clk 1:32:02]} 9. c3 {[%clk 1:25:16]} Bb7 {[%clk
1:30:57]} 10. h4 {[%clk 1:17:00]} h6 {[%clk 1:28:33]} 11. a3 {[%clk 1:07:25]} a5
{[%clk 1:21:29]} 12. a4 {[%clk 1:01:49]} Ba6 {[%clk 1:17:25]} 13. exd5 {[%clk
0:56:00]} exd5 {[%clk 1:13:26]} 14. Nb3 {[%clk 0:52:38]} O-O {[%clk 1:09:34]} 15.
Bf4 {[%clk 0:51:02]} Ra7 {[%clk 0:58:48]} 16. d4 {[%clk 0:48:46]} c4 {[%clk
0:55:47]} 17. Nbd2 {[%clk 0:47:58]} Nf5 {[%clk 0:41:04]} 18. Ne5 {[%clk 0:45:34]}
Nxe5 {[%clk 0:40:41]} 19. Bxe5 {[%clk 0:45:18]} f6 {[%clk 0:33:56]} 20. Bf4
{[%clk 0:45:24]} g5 {[%clk 0:32:18]} 21. hxg5 {[%clk 0:44:39]} fxg5 {[%clk
0:30:09]} 22. Be5 {[%clk 0:43:06]} Re7 {[%clk 0:27:58]} 23. Bxg7 {[%clk 0:40:26]}
Kxg7 {[%clk 0:27:53]} 24. Nf3 {[%clk 0:35:10]} Bb7 {[%clk 0:22:42]} 25. Ne5
{[%clk 0:32:33]} Qd6 {[%clk 0:21:22]} 26. Qc2 {[%clk 0:27:21]} h5 {[%clk
0:19:50]} 27. Rab1 {[%clk 0:12:01]} Qf6 {[%clk 0:11:59]} 28. Re2 {[%clk 0:10:43]}
h4 {[%clk 0:09:59]} 29. Ng4 {[%clk 0:09:09]} Qg6 {[%clk 0:10:10]} 30. Rxe7+
{[%clk 0:07:57]} Nxe7 {[%clk 0:10:32]} 31. Qxg6+ {[%clk 0:07:52]} Nxg6 {[%clk
0:10:22]} 32. b3 {[%clk 0:06:50]} Rc8 {[%clk 0:08:34]} 33. Ne3 {[%clk 0:05:29]}
hxg3 {[%clk 0:07:05]} 34. fxg3 {[%clk 0:05:53]} cxb3 {[%clk 0:07:22]} 35. Rxb3
{[%clk 0:05:55]} Ne7 {[%clk 0:07:46]} 36. Rxb6 {[%clk 0:04:23]} Rxc3 {[%clk
0:07:22]} 37. Rxb7 {[%clk 0:04:35]} Rxe3 {[%clk 0:07:47]} 38. Kf2 {[%clk
0:04:25]} Re6 {[%clk 0:08:11]} 39. Bxd5 {[%clk 0:04:26]} Rf6+ {[%clk 0:08:36]}
40. Ke3 {[%clk 0:03:46]} Kf8 {[%clk 0:09:00]} 41. Be4 {[%clk 0:03:48]} Rf1 {[%clk
0:07:05]} 42. Rb5 {[%clk 0:02:56]} Re1+ {[%clk 0:07:25]} 43. Kf3 {[%clk 0:02:33]}
g4+ {[%clk 0:07:01]} 44. Kf4 {[%clk 0:02:45]} Nc8 {[%clk 0:07:17]} 45. Rb8 {[%clk
0:02:56]} Rc1 {[%clk 0:07:42]} 46. Bf5 {[%clk 0:03:01]} 1-0

[Event "Poznan Chess Festival"]
[Site "chess24.com"]
[Date "2021.08.16"]
[Round "3"]
[White "Zgarda, Jakub"]
[Black "Poltorak, Sebastian"]
[Result "0-1"]
[Board "7"]
[WhiteElo "1788"]
[WhiteCountry "POL"]
[WhiteFideId "1140280"]
[WhiteEloChange "-2"]
[BlackElo "2205"]
[BlackCountry "POL"]
[BlackFideId "1199498"]
[BlackEloChange "2"]

1. Nf3 {[%clk 1:30:57]} Nf6 {[%clk 1:30:41]} 2. d4 {[%clk 1:31:14]} g6 {[%clk
1:30:45]} 3. g3 {[%clk 1:31:02]} Bg7 {[%clk 1:31:04]} 4. Bg2 {[%clk 1:30:31]} O-O
{[%clk 1:31:23]} 5. O-O {[%clk 1:29:40]} d5 {[%clk 1:31:46]} 6. Nbd2 {[%clk
1:25:29]} c5 {[%clk 1:31:07]} 7. dxc5 {[%clk 1:13:58]} Qc7 {[%clk 1:31:15]} 8. c4
{[%clk 1:13:11]} Qxc5 {[%clk 1:23:51]} 9. cxd5 {[%clk 1:12:06]} Qxd5 {[%clk
1:22:58]} 10. Nb3 {[%clk 1:09:32]} Qh5 {[%clk 1:14:11]} 11. Ng5 {[%clk 0:54:17]}
h6 {[%clk 1:12:58]} 12. Bf3 {[%clk 0:34:58]} Bg4 {[%clk 1:08:43]} 13. Bxb7 {[%clk
0:32:45]} Bxe2 {[%clk 1:08:27]} 14. Qe1 {[%clk 0:31:24]} hxg5 {[%clk 0:53:13]}
15. Bxa8 {[%clk 0:30:39]} Ng4 {[%clk 0:53:35]} 16. h4 {[%clk 0:29:51]} Bxf1
{[%clk 0:53:15]} 17. Qxf1 {[%clk 0:14:57]} gxh4 {[%clk 0:53:38]} 18. gxh4 {[%clk
0:14:52]} Qxh4 {[%clk 0:53:39]} 19. Qg2 {[%clk 0:14:27]} Nd7 {[%clk 0:47:51]} 20.
Bf3 {[%clk 0:13:19]} Nge5 {[%clk 0:46:14]} 21. Be2 {[%clk 0:13:18]} Bh6 {[%clk
0:44:42]} 22. Bxh6 {[%clk 0:10:48]} Qxh6 {[%clk 0:45:08]} 23. Rd1 {[%clk
0:10:59]} Kg7 {[%clk 0:44:49]} 24. Rd4 {[%clk 0:10:13]} Nf6 {[%clk 0:43:43]} 25.
f4 {[%clk 0:08:35]} Ned7 {[%clk 0:43:46]} 26. Nd2 {[%clk 0:07:37]} Rc8 {[%clk
0:43:51]} 27. Nc4 {[%clk 0:06:14]} e5 {[%clk 0:42:03]} 28. fxe5 {[%clk 0:02:25]}
Nxe5 {[%clk 0:42:29]} 29. Qb7 {[%clk 0:01:18]} Rxc4 {[%clk 0:42:06]} 0-1

[Event "Poznan Chess Festival"]
[Site "chess24.com"]
[Date "2021.08.16"]
[Round "3"]
[White "Maj, Pawel"]
[Black "Szymanski, Zbigniew"]
[Result "1-0"]
[Board "8"]
[WhiteElo "2113"]
[WhiteCountry "POL"]
[WhiteFideId "21818290"]
[WhiteEloChange "3"]
[BlackElo "1793"]
[BlackCountry "POL"]
[BlackFideId "1180916"]
[BlackEloChange "-3"]

1. Nf3 {[%clk 1:30:57]} d6 {[%clk 1:30:42]} 2. g3 {[%clk 1:29:46]} Nf6 {[%clk
1:30:19]} 3. Bg2 {[%clk 1:30:09]} g6 {[%clk 1:30:21]} 4. O-O {[%clk 1:30:08]} Bg7
{[%clk 1:30:45]} 5. d4 {[%clk 1:29:55]} c6 {[%clk 1:30:16]} 6. b3 {[%clk
1:26:24]} O-O {[%clk 1:28:52]} 7. Bb2 {[%clk 1:26:50]} Qc7 {[%clk 1:27:27]} 8.
Nbd2 {[%clk 1:25:42]} Bg4 {[%clk 1:18:46]} 9. h3 {[%clk 1:25:58]} Bxf3 {[%clk
1:19:04]} 10. Nxf3 {[%clk 1:26:19]} Nbd7 {[%clk 1:17:56]} 11. c4 {[%clk 1:22:22]}
e5 {[%clk 1:13:24]} 12. Qc2 {[%clk 1:20:52]} Rfe8 {[%clk 1:11:29]} 13. dxe5
{[%clk 1:10:59]} dxe5 {[%clk 1:10:16]} 14. e3 {[%clk 1:11:12]} a5 {[%clk
1:01:58]} 15. Rad1 {[%clk 1:09:26]} Nc5 {[%clk 0:59:20]} 16. a3 {[%clk 1:04:15]}
Nfd7 {[%clk 0:55:10]} 17. Nd2 {[%clk 1:01:57]} f5 {[%clk 0:48:36]} 18. e4 {[%clk
1:01:02]} f4 {[%clk 0:42:29]} 19. b4 {[%clk 0:57:41]} Ne6 {[%clk 0:35:32]} 20. c5
{[%clk 0:54:34]} axb4 {[%clk 0:29:59]} 21. axb4 {[%clk 0:54:58]} b5 {[%clk
0:19:50]} 22. Nf3 {[%clk 0:51:09]} Nd8 {[%clk 0:15:01]} 23. Rd2 {[%clk 0:45:42]}
Nf7 {[%clk 0:14:13]} 24. Rfd1 {[%clk 0:44:59]} Nf8 {[%clk 0:11:25]} 25. Qb3
{[%clk 0:44:23]} fxg3 {[%clk 0:08:13]} 26. fxg3 {[%clk 0:44:43]} Bf6 {[%clk
0:08:14]} 27. Rf2 {[%clk 0:43:20]} Kg7 {[%clk 0:07:40]} 28. Rdf1 {[%clk 0:43:29]}
Nd7 {[%clk 0:06:31]} 29. h4 {[%clk 0:41:29]} h6 {[%clk 0:04:12]} 30. Bh3 {[%clk
0:37:38]} Rf8 {[%clk 0:03:53]} 31. Nh2 {[%clk 0:34:36]} Nh8 {[%clk 0:02:33]} 32.
Bxd7 {[%clk 0:29:21]} Qxd7 {[%clk 0:02:52]} 33. Rxf6 {[%clk 0:29:42]} Rxf6 {[%clk
0:03:08]} 34. Bxe5 {[%clk 0:30:03]} Rf8 {[%clk 0:03:20]} 35. Rxf6 {[%clk
0:30:24]} Rxf6 {[%clk 0:03:40]} 36. Bxf6+ {[%clk 0:30:40]} Kxf6 {[%clk 0:03:57]}
37. Qc3+ {[%clk 0:31:03]} Kf7 {[%clk 0:04:20]} 38. Qxh8 {[%clk 0:31:25]} 1-0

[Event "Poznan Chess Festival"]
[Site "chess24.com"]
[Date "2021.08.16"]
[Round "3"]
[White "Jagodzinski, Olaf"]
[Black "Piotrowski, Pawel"]
[Result "0-1"]
[Board "9"]
[WhiteElo "1519"]
[WhiteCountry "POL"]
[WhiteFideId "21002614"]
[WhiteEloChange "-2"]
[BlackElo "2067"]
[BlackCountry "POL"]
[BlackFideId "1184415"]
[BlackEloChange "2"]

1. e4 {[%clk 1:30:56]} c5 {[%clk 1:30:45]} 2. Nf3 {[%clk 1:31:13]} e6 {[%clk
1:31:09]} 3. d4 {[%clk 1:31:30]} cxd4 {[%clk 1:31:35]} 4. Nxd4 {[%clk 1:31:55]}
Nf6 {[%clk 1:31:59]} 5. Bd3 {[%clk 1:30:18]} Nc6 {[%clk 1:32:07]} 6. Nxc6 {[%clk
1:29:06]} bxc6 {[%clk 1:31:49]} 7. O-O {[%clk 1:29:26]} e5 {[%clk 1:30:01]} 8.
Nc3 {[%clk 1:24:07]} Bc5 {[%clk 1:29:31]} 9. Bg5 {[%clk 1:21:46]} h6 {[%clk
1:26:32]} 10. Bh4 {[%clk 1:21:47]} g5 {[%clk 1:25:03]} 11. Bg3 {[%clk 1:22:05]}
d6 {[%clk 1:22:36]} 12. Na4 {[%clk 1:15:52]} Bb4 {[%clk 1:22:07]} 13. c3 {[%clk
1:06:20]} Ba5 {[%clk 1:21:35]} 14. b4 {[%clk 1:06:18]} Bc7 {[%clk 1:21:59]} 15.
c4 {[%clk 1:02:24]} h5 {[%clk 1:20:34]} 16. h4 {[%clk 0:47:44]} Ng4 {[%clk
1:19:46]} 17. hxg5 {[%clk 0:42:47]} h4 {[%clk 1:19:39]} 18. Bh2 {[%clk 0:29:14]}
Qxg5 {[%clk 1:20:05]} 19. f4 {[%clk 0:28:24]} Qg7 {[%clk 1:17:59]} 20. Qf3 {[%clk
0:26:22]} h3 {[%clk 1:10:24]} 21. g3 {[%clk 0:25:24]} exf4 {[%clk 1:05:49]} 22.
Qxf4 {[%clk 0:24:35]} Qd4+ {[%clk 1:05:56]} 23. Kh1 {[%clk 0:23:25]} Qxd3 {[%clk
1:06:08]} 24. Rad1 {[%clk 0:13:27]} Qxc4 {[%clk 1:06:04]} 25. Nb2 {[%clk
0:08:56]} Qxa2 {[%clk 1:06:21]} 26. Rd2 {[%clk 0:09:14]} Be6 {[%clk 1:06:40]} 27.
Nd3 {[%clk 0:08:32]} Qc4 {[%clk 1:06:49]} 28. Rc1 {[%clk 0:08:02]} Qb5 {[%clk
1:04:11]} 29. Nc5 {[%clk 0:05:13]} dxc5 {[%clk 1:00:15]} 30. Qxc7 {[%clk
0:05:30]} Rc8 {[%clk 1:00:27]} 31. Qd6 {[%clk 0:04:52]} cxb4 {[%clk 1:00:28]} 32.
Bg1 {[%clk 0:04:15]} Qb8 {[%clk 0:57:28]} 33. Qxb8 {[%clk 0:02:07]} Rxb8 {[%clk
0:57:54]} 34. Bxa7 {[%clk 0:02:12]} Rc8 {[%clk 0:58:05]} 35. Rdc2 {[%clk
0:01:34]} b3 {[%clk 0:57:41]} 36. Rxc6 {[%clk 0:01:34]} Rxc6 {[%clk 0:58:06]} 37.
Rxc6 {[%clk 0:01:58]} Kd7 {[%clk 0:58:25]} 0-1

[Event "Poznan Chess Festival"]
[Site "chess24.com"]
[Date "2021.08.16"]
[Round "3"]
[White "Grzelak, Marcin"]
[Black "Szafranski, Maciej"]
[Result "1-0"]
[Board "10"]
[WhiteElo "1978"]
[WhiteCountry "POL"]
[WhiteFideId "1133519"]
[WhiteEloChange "2"]
[BlackElo "1526"]
[BlackCountry "POL"]
[BlackFideId "21805580"]
[BlackEloChange "-2"]

1. e4 {[%clk 1:30:58]} c5 {[%clk 1:30:56]} 2. d4 {[%clk 1:31:23]} cxd4 {[%clk
1:31:05]} 3. c3 {[%clk 1:31:46]} dxc3 {[%clk 1:31:32]} 4. Nxc3 {[%clk 1:32:01]}
e6 {[%clk 1:31:36]} 5. Nf3 {[%clk 1:31:59]} Nc6 {[%clk 1:31:51]} 6. Bc4 {[%clk
1:32:20]} a6 {[%clk 1:32:02]} 7. O-O {[%clk 1:32:10]} b5 {[%clk 1:31:10]} 8. Bb3
{[%clk 1:29:00]} Bb7 {[%clk 1:29:46]} 9. Bf4 {[%clk 1:28:17]} Nf6 {[%clk
1:22:08]} 10. Nd5 {[%clk 1:19:36]} Nxd5 {[%clk 1:18:42]} 11. exd5 {[%clk
1:17:00]} Ne7 {[%clk 1:18:50]} 12. Re1 {[%clk 1:07:42]} Ng6 {[%clk 1:12:43]} 13.
Bg3 {[%clk 1:04:36]} Be7 {[%clk 1:11:59]} 14. Rc1 {[%clk 0:57:44]} Rc8 {[%clk
1:07:32]} 15. d6 {[%clk 0:50:05]} Bf6 {[%clk 1:04:37]} 16. Rc7 {[%clk 0:49:32]}
Bc6 {[%clk 0:57:33]} 17. Nd4 {[%clk 0:39:00]} O-O {[%clk 0:56:18]} 18. Nxc6
{[%clk 0:36:34]} dxc6 {[%clk 0:56:39]} 19. Qc2 {[%clk 0:33:38]} Rxc7 {[%clk
0:56:02]} 20. dxc7 {[%clk 0:34:00]} Qc8 {[%clk 0:56:27]} 21. Qxc6 {[%clk
0:32:22]} Re8 {[%clk 0:52:05]} 22. Rd1 {[%clk 0:20:44]} Nf8 {[%clk 0:49:36]} 23.
Bd6 {[%clk 0:18:47]} Bxb2 {[%clk 0:48:04]} 24. a4 {[%clk 0:19:08]} Nd7 {[%clk
0:41:36]} 25. axb5 {[%clk 0:19:13]} axb5 {[%clk 0:41:50]} 26. Qxb5 {[%clk
0:19:40]} Nf6 {[%clk 0:40:57]} 27. Ba4 {[%clk 0:19:29]} Qa8 {[%clk 0:39:50]} 28.
Qxe8+ {[%clk 0:14:31]} Nxe8 {[%clk 0:39:52]} 29. Bxe8 {[%clk 0:14:59]} Qc8 {[%clk
0:39:21]} 30. Bc6 {[%clk 0:14:03]} Ba3 {[%clk 0:39:18]} 31. Be5 {[%clk 0:12:58]}
Be7 {[%clk 0:39:36]} 32. Bd7 {[%clk 0:13:17]} 1-0

[Event "Poznan Chess Festival"]
[Site "chess24.com"]
[Date "2021.08.16"]
[Round "3"]
[White "Stempin, Pawel"]
[Black "Kostecka, Marika"]
[Result "1/2-1/2"]
[Board "11"]
[WhiteElo "2356"]
[WhiteTitle "IM"]
[WhiteCountry "POL"]
[WhiteFideId "1100068"]
[WhiteEloChange "-8"]
[BlackElo "1833"]
[BlackTitle "WCM"]
[BlackCountry "POL"]
[BlackFideId "1193473"]
[BlackEloChange "8"]

1. d4 {[%clk 1:30:53]} Nf6 {[%clk 1:30:47]} 2. Nf3 {[%clk 1:31:07]} g6 {[%clk
1:31:02]} 3. c4 {[%clk 1:31:04]} Bg7 {[%clk 1:31:10]} 4. g3 {[%clk 1:31:24]} d6
{[%clk 1:31:32]} 5. Nc3 {[%clk 1:31:44]} O-O {[%clk 1:31:40]} 6. Bg2 {[%clk
1:32:08]} c5 {[%clk 1:31:59]} 7. d5 {[%clk 1:30:31]} e6 {[%clk 1:30:40]} 8. O-O
{[%clk 1:30:30]} exd5 {[%clk 1:28:16]} 9. cxd5 {[%clk 1:30:41]} Re8 {[%clk
1:23:31]} 10. Nd2 {[%clk 1:25:05]} a6 {[%clk 1:16:36]} 11. a4 {[%clk 1:25:02]}
Nbd7 {[%clk 1:12:58]} 12. a5 {[%clk 1:17:14]} b5 {[%clk 1:09:00]} 13. axb6 {[%clk
1:17:34]} Nxb6 {[%clk 1:09:07]} 14. h3 {[%clk 1:11:43]} Bd7 {[%clk 0:54:49]} 15.
e4 {[%clk 1:03:20]} Bb5 {[%clk 0:51:55]} 16. Re1 {[%clk 1:03:06]} Nfd7 {[%clk
0:43:16]} 17. Bf1 {[%clk 0:56:37]} Bxf1 {[%clk 0:40:47]} 18. Rxf1 {[%clk
0:56:49]} Ne5 {[%clk 0:36:31]} 19. Qe2 {[%clk 0:53:54]} Qc8 {[%clk 0:33:41]} 20.
Kg2 {[%clk 0:53:57]} Ned7 {[%clk 0:29:23]} 21. Qd3 {[%clk 0:42:18]} Ne5 {[%clk
0:27:58]} 22. Qe2 {[%clk 0:40:38]} Ned7 {[%clk 0:27:10]} 23. Qd3 {[%clk 0:40:34]}
Ne5 {[%clk 0:27:35]} 24. Qe2 {[%clk 0:40:20]} c4 {[%clk 0:26:16]} 25. Nf3 {[%clk
0:40:45]} Nd3 {[%clk 0:26:40]} 26. Be3 {[%clk 0:40:45]} 1/2-1/2

[Event "Poznan Chess Festival"]
[Site "chess24.com"]
[Date "2021.08.16"]
[Round "3"]
[White "Kowalewicz, Kacper"]
[Black "Schmidt, Wlodzimierz"]
[Result "1/2-1/2"]
[Board "12"]
[WhiteElo "1778"]
[WhiteCountry "POL"]
[WhiteFideId "1151339"]
[WhiteEloChange "8"]
[BlackElo "2219"]
[BlackTitle "GM"]
[BlackCountry "POL"]
[BlackFideId "1100041"]
[BlackEloChange "-8"]

1. Nf3 {[%clk 1:30:58]} c5 {[%clk 1:28:22]} 2. g3 {[%clk 1:30:33]} g6 {[%clk
1:25:53]} 3. Bg2 {[%clk 1:30:52]} Bg7 {[%clk 1:26:10]} 4. c4 {[%clk 1:30:51]} Nc6
{[%clk 1:26:23]} 5. Nc3 {[%clk 1:30:44]} d6 {[%clk 1:24:43]} 6. O-O {[%clk
1:29:17]} e5 {[%clk 1:24:40]} 7. d3 {[%clk 1:27:47]} Nge7 {[%clk 1:24:59]} 8. Bd2
{[%clk 1:24:31]} O-O {[%clk 1:24:39]} 9. Qc1 {[%clk 1:24:57]} Rb8 {[%clk
1:14:35]} 10. Bh6 {[%clk 1:22:12]} a6 {[%clk 1:14:48]} 11. Bxg7 {[%clk 1:20:49]}
Kxg7 {[%clk 1:15:07]} 12. Nd2 {[%clk 1:09:57]} b5 {[%clk 1:12:49]} 13. Nd5 {[%clk
1:09:58]} Be6 {[%clk 1:02:38]} 14. Nxe7 {[%clk 1:09:41]} Nxe7 {[%clk 1:02:57]}
15. b3 {[%clk 1:08:41]} Qd7 {[%clk 1:00:53]} 16. e3 {[%clk 1:01:00]} Rbc8 {[%clk
0:56:30]} 1/2-1/2